Представление документа в формате RUSMARC

ПолеНазваниеЗначение
  Тип записи i
  Библиографический уровень c
001 Контрольный номер 78ab05aec09a4d9f8f52e83d6b4cb7d6
005 Дата корректировки 20211217162022.4
010 Индекс ISBN __
b Уточнения В кор.
d Цена 386-00
100 Данные общей обработки __
a Данные общей обработки 20210204d2016####am y0rusc0289 ca
101 Язык документа 1_
a Язык текста rus
c Язык оригинала eng
102 Страна публикации __
a Страна публикации RU
125 Кодированные данные звукозаписи и нотных изданий __
b Определитель литературного текста с
126 Кодированные данные (звукозаписи-физические характеристики) __
a Кодированные данные звукозаписи (общие) аgbхhхх сd
127 Кодированные данные (звукозаписи-физические характеристики) __
a Продолжительность проигрывания 0723##
135 Кодированные данные (электронные ресурсы) __
a Кодированные данные (электронные ресурсы) hongannnanaaa
139 Кодированные данные (электронные ресурсы) __
a Кодированные данные (электронные ресурсы) сaz
181 Поле кодированных данных: вид содержания _0
a Код вида содержания (ISBD) h
182 Поле кодированных данных: тип средства _0
a Код типа средства (ISBD) a
200 Заглавие и сведения об ответственности 1_
a Заглавие Долина страха
a Заглавие Голубой карбункул
e Сведения, относящиеся к заглавию [аудиокнига]
f Первые сведения об ответственности Артур Конан Дойль ; [перевод М. Литвиновой, О. Дудоладовой] ; читает Александр Бордуков ; продюсер Владимир Воробьев
203 Вид содержания и тип средства __
a Вид содержания Устная речь
c Тип средства аудио
210 Выходные данные 1_
a Место издания Москва
c Издательство Воробьев В. А.
c Издательство Союз
c Издательство Покидышевъ и сыновья
d Дата издания 2016
215 Физическое описание __
a Объем 1 электрон. опт. диск (CD-ROM) (7 ч. 23 мин.)
c Иллюстрации/тип воспроизводства зв.
d Формат 12 см
225 Серия 2_
a Серия Золотая библиотека детектива
300 Общие примечания __
a Общие примечания Заглавие с титульного экрана
300 Общие примечания __
a Общие примечания Данные в формате MP3
330 Аннотация __
a Аннотация Тайны и загадки, знаменитый "дедуктивный метод", увлекательное расследование и герой на все времена - Шерлок Холмс в остросюжетном, малоизвестном широкой аудитории детективном романе Артура Конан Дойла "Долина страха". Знаменитый сыщик получает шифровку Порлока - одного из подручных профессора Мориарти. В письме сообщается о готовящемся нападении на некоего мистера Дугласа. Пятью минутами позже в дом на Бейкер-стрит приходит инспектор Скотланд-ярда Макдональд и сообщает, что мистер Дуглас убит в своем поместье. Холмс берется за дело...
333 Примечание о целевом назначении __
a Примечание о целевом назначении 16+. Для детей старше 16 лет
337 Примечание о системных требованиях (электронные ресурсы) __
a Примечание о системных требованиях (электронные ресурсы) Системные требования: MS Windows ; Pentium 100 ; RAM 64 Мб ; монитор SVGA, 800х600 ; устройство чтения CD/DVD ROM ; звуковая карта ; колонки или наушники ; мышь
606 Тематические рубрики __
a Основная рубрика Художественная литература
606 Тематические рубрики __
a Основная рубрика Литература Европы (произведения)
y Географическая подрубрика Великобритания
y Географическая подрубрика Англия
610 Ключевые слова 0_
a Ключевые слова английская литература
610 Ключевые слова 0_
a Ключевые слова детективы
610 Ключевые слова 0_
a Ключевые слова детективные романы
610 Ключевые слова 0_
a Ключевые слова тема расследований
610 Ключевые слова 0_
a Ключевые слова тема убийств
610 Ключевые слова 0_
a Ключевые слова тема преступлений
610 Ключевые слова 0_
a Ключевые слова английские детективы
610 Ключевые слова 0_
a Ключевые слова Шерлок Холмс
686 Индексы других классификаций __
2 Код системы rubbks
a Классификационный индекс 84(4Вел)53-445я04; ст84(4Вел)-4я0
700 Автор _1
a Фамилия Дойл
b Имя А. К.
f Даты 1859-1930
g Полное личное имя Артур Конан
4 Код отношения 070
702 Вторичная интеллектуальная ответственность _1
a Фамилия Литвинова
b Имя М.
4 Код отношения 730
g Полное личное имя Марина
702 Вторичная интеллектуальная ответственность _1
a Фамилия Дудоладова
b Имя О.
4 Код отношения Переводчик
4 Код отношения 730
g Полное личное имя Ольга
702 Вторичная интеллектуальная ответственность _1
a Фамилия Бордуков
b Имя А.
g Полное личное имя Александр
4 Код отношения 590
702 Вторичная интеллектуальная ответственность _1
a Фамилия Воробьев
b Имя В.
g Полное личное имя Владимир
4 Код отношения 665
801 Источник записи _0
a Страна RU
b Организация Муниципальное бюджетное учреждение культуры "Централизованная библиотечная система" г. Сургут (Центральная городская библиотека им. А. С. Пушкина)
g Правила каталогизации PSBO
c Дата составления 20210205
801 Источник записи _1
a Страна RU
b Организация Муниципальное бюджетное учреждение культуры "Централизованная библиотечная система" г. Сургут (Центральная городская библиотека им. А. С. Пушкина)
g Правила каталогизации PSBO
c Дата составления 20210205
852 Данные о местонахождении __
j Шифр хранения 84(4Вел)53-445я04
i Авторский знак Д 62
900 Макрообъекты __
a Макрообъекты Долина страха Голубой карбункул, 2016
901 Тип документа __
t Тип документа 0
a Ответственный КиК/Котельникова
903 Характеристики (МАРС) __
a Дата передачи 20210205
c Наименование библиотеки (МАРС) Муниципальное бюджетное учреждение культуры "Централизованная библиотечная система" г. Сургут (Центральная городская библиотека им. А. С. Пушкина)
969 Тип издания __
a Тип издания аудиокнига
a Тип издания издание для слепых
990 Данные о заказе (DOS) __
j Количество экземпляров (DOS) 2
t N записи в КСУ для И/У (DOS) 202102